000
00254nam a22001217a 4500
008
180302b xxu||||| |||| 00| 0 eng d
041
_a
eng
080
_a
574
100
_a
9
101
_a
mje
245
_a
farm buildings
_c
deane.g.c
942
_2
udc
_c
BK
999
_c
43908
_d
43908